Czy Go Znasz? - Postacie Historyczne - Statystyki

Ogólne statystyki
  • Ten quiz został rozwiązany 1 253 razy
  • Średni wynik to 15 z 25
Statystyki odpowiedzi
Obrazkowy Odpowiedź % Poprawnych
Albert Einstein
92%
Józef Stalin
91%
Napoleon Bonaparte
91%
Maria Skłodowska-Curie
89%
Juliusz Cezar
83%
Neil Armstrong
82%
Abraham Lincoln
77%
John Kennedy
74%
Krzysztof Kolumb
73%
Elvis Presley
70%
Władimir Lenin
70%
Rasputin
66%
Aleksander Wielki
62%
George Washington
62%
Pablo Escobar
60%
Margaret Thatcher
47%
Benito Mussolini
46%
Marcin Luther
38%
Franklin Delano Roosevelt
36%
Kim Jong-il
34%
William Shakespeare
29%
Karol Wielki
27%
Leon Trotsky
27%
Wolfgang Amadeus Mozart
17%
Kaiser Willhelm II
11%
Nie znaleziono quizów pasujących do podanych kryteriów
Rozkład punktacji
Procent ludzi z każdym wynikiem
Percentyl według liczby udzielonych odpowiedzi
Twoja historia wyników
Nie rozwiązałeś tego quizu